000 00309nam a22001577a 4500
003 macl
005 20160221170210.0
008 macl
040 _cmacl
041 _aHindi
082 _a001
100 _aParamount
_939561
245 _aSSC Tier II Model Papars
650 _aG.K.
_939562
942 _2ddc
_cHIN
999 _c53374
_d53374